[Event "Pardubice Region-chT 2223"]
[Site "Czech Republic"]
[Date "2023.02.26"]
[Round "9.4"]
[White "Kalousova, Julie"]
[Black "Zeman, Martin2"]
[Result "1/2-1/2"]
[WhiteElo "1693"]
[BlackElo "1884"]
[PlyCount "30"]
[EventDate "2022.10.09"]
[EventType "team-tourn"]
[EventRounds "11"]
[EventCountry "CZE"]
[SourceTitle "EXT 2024"]
[Source "ChessBase"]
[SourceDate "2023.10.10"]
[SourceVersion "1"]
[SourceVersionDate "2023.10.10"]
[SourceQuality "1"]

1. e4 c5 2. c3 e6 3. Nf3 d5 4. exd5 exd5 5. d4 Nf6 6. Bd3 Be7 7. 0-0 0-0 8. h3 Nc6 9. b3 cxd4 10. Nxd4 Nxd4 11. cxd4 Be6 12. Bd2 Rc8 13. Nc3 a6 14. Rc1 Qd7 15. f4 Bf5 1/2-1/2

[Event "Pardubice Region-chT 2223"]
[Site "Czech Republic"]
[Date "2022.11.13"]
[Round "3.5"]
[White "Vodicka, Martin"]
[Black "Kalousova, Julie"]
[Result "1/2-1/2"]
[WhiteElo "1708"]
[BlackElo "1693"]
[PlyCount "55"]
[EventDate "2022.10.09"]
[EventType "team-tourn"]
[EventRounds "11"]
[EventCountry "CZE"]
[SourceTitle "EXT 2024"]
[Source "ChessBase"]
[SourceDate "2023.10.10"]
[SourceVersion "1"]
[SourceVersionDate "2023.10.10"]
[SourceQuality "1"]

1. e4 c6 2. d4 d5 3. exd5 cxd5 4. Bd3 Nc6 5. c3 Nf6 6. h3 e6 7. Nf3 Bd6 8. 0-0 h6 9. Be3 0-0 10. Nbd2 Re8 11. Re1 e5 12. dxe5 Nxe5 13. Nxe5 Bxe5 14. Nf3 Bc7 15. Qc2 a6 16. Bd4 Be6 17. Be5 Rc8 18. Rad1 Bxe5 19. Rxe5 Qc7 20. Rde1 Nd7 21. R5e3 Nc5 22. Nd4 Bd7 23. Rxe8+ Rxe8 24. Rxe8+ Bxe8 25. Qe2 Nxd3 26. Qxd3 Bc6 27. Qe2 Qf4 28. Qc2 1/2-1/2

[Event "CZE-chT2D 2122"]
[Site "Czech Republic"]
[Date "2022.04.03"]
[Round "11.8"]
[White "Kalousova, Julie"]
[Black "Lihotsky, Lukas"]
[Result "0-1"]
[WhiteElo "1653"]
[BlackElo "1970"]
[PlyCount "86"]
[EventDate "2021.10.17"]
[EventType "team-tourn"]
[EventRounds "11"]
[EventCountry "CZE"]
[SourceTitle "EXT 2025"]
[Source "ChessBase"]
[SourceDate "2024.10.14"]
[SourceVersion "1"]
[SourceVersionDate "2024.10.14"]
[SourceQuality "1"]
[WhiteTeam "Lanskroun"]
[BlackTeam "Polabiny III"]
[WhiteTeamCountry "CZE"]
[BlackTeamCountry "CZE"]

1. e4 c6 2. d4 d5 3. f3 e6 4. Nc3 Bb4 5. Qd3 b6 6. a3 Ba6 7. Qe3 Bxf1 8. Kxf1 Be7 9. Nge2 Nf6 10. g3 h5 11. h4 Nbd7 12. Kg2 Rc8 13. Bd2 dxe4 14. Nxe4 Nxe4 15. fxe4 Nf6 16. Rhf1 Ng4 17. Qf3 0-0 18. c3 e5 19. Rad1 Bf6 20. Bc1 Qe7 21. Rfe1 Rfe8 22. Ng1 Rcd8 23. Ne2 b5 24. b4 a6 25. Bb2 Rd6 26. Rd2 Red8 27. Red1 R8d7 28. Ba1 Rd8 29. Bb2 Qe6 30. Nc1 Qe7 31. Ne2 g6 32. Nc1 Bg7 33. Nb3 Bh6 34. Re2 Rf6 35. Qd3 Be3 36. Bc1 Bxc1 37. Nxc1 Rfd6 38. Red2 g5 39. Rh1 exd4 40. cxd4 gxh4 41. Nb3 Rg6 42. Qe2 Ne3+ 43. Kf2 Qxe4 0-1

[Event "CZE-chT2D 2122"]
[Site "Czech Republic"]
[Date "2021.11.21"]
[Round "3.8"]
[White "Kalousova, Julie"]
[Black "Ruda, Ondrej"]
[Result "1/2-1/2"]
[WhiteElo "1653"]
[BlackElo "2013"]
[PlyCount "119"]
[EventDate "2021.10.17"]
[EventType "team-tourn"]
[EventRounds "11"]
[EventCountry "CZE"]
[SourceTitle "EXT 2025"]
[Source "ChessBase"]
[SourceDate "2024.10.14"]
[SourceVersion "1"]
[SourceVersionDate "2024.10.14"]
[SourceQuality "1"]
[WhiteTeam "Lanskroun"]
[BlackTeam "Lipa"]
[WhiteTeamCountry "CZE"]
[BlackTeamCountry "CZE"]

1. c4 Nf6 2. Nc3 c6 3. d4 d5 4. cxd5 cxd5 5. Nf3 Nc6 6. Bg5 e6 7. e3 Be7 8. Bb5 Bd7 9. 0-0 0-0 10. Rc1 Ne4 11. Bxe7 Qxe7 12. a3 Nd6 13. Bd3 Rfc8 14. Qe2 f5 15. Nd2 Na5 16. f4 a6 17. Kh1 b5 18. Rc2 Nac4 19. Rfc1 Qe8 20. Nf3 a5 21. Nb1 b4 22. Nfd2 Nxb2 23. axb4 axb4 24. Nb3 Nxd3 25. Qxd3 Bb5 26. Qd2 Rxc2 27. Qxc2 Nc4 28. Qf2 Ba4 29. Nc5 b3 30. Nc3 b2 31. Rb1 Bd7 32. Rxb2 Nxb2 33. Qxb2 Qb8 34. Qxb8+ Rxb8 35. Kg1 Bc8 36. Kf2 Rb2+ 37. Kf3 Kf7 38. Nd1 Ra2 39. Nf2 Ba6 40. Nxa6 Rxa6 41. Nd3 Ra3 42. Nc5 h6 43. h4 Ke7 44. Nb7 Ra1 45. Nc5 Rf1+ 46. Ke2 Rh1 47. g3 g5 48. hxg5 hxg5 49. fxg5 Rh5 50. Kf3 Rxg5 51. Nd3 Kd6 52. Ne5 Rg7 53. Kf4 Kc7 54. Nd3 Rg4+ 55. Kf3 Kd6 56. Ne5 Re4 57. Nf7+ Ke7 58. Ne5 Ke8 59. Nc6 Rg4 60. Ne5 1/2-1/2

[Event "CZE-chT2D 1920"]
[Site "Czech Republic"]
[Date "2020.02.23"]
[Round "9.8"]
[White "Sobotnik, Petr"]
[Black "Kalousova, Julie"]
[Result "1-0"]
[WhiteElo "1903"]
[BlackElo "1542"]
[PlyCount "95"]
[EventDate "2019.10.13"]
[EventType "team-tourn"]
[EventRounds "11"]
[EventCountry "CZE"]
[SourceTitle "EXT 2024"]
[Source "ChessBase"]
[SourceDate "2023.10.10"]
[SourceVersion "1"]
[SourceVersionDate "2023.10.10"]
[SourceQuality "1"]
[WhiteTeam "Nachod Snezka"]
[BlackTeam "Lanskroun"]
[WhiteTeamCountry "CZE"]
[BlackTeamCountry "CZE"]

1. c4 e6 2. Nc3 f5 3. d4 Bb4 4. Nf3 Nf6 5. a3 Bxc3+ 6. bxc3 b6 7. e3 0-0 8. Bd3 Bb7 9. a4 a5 10. Ba3 d6 11. c5 bxc5 12. dxc5 Re8 13. cxd6 cxd6 14. Bb5 Nc6 15. Qxd6 Qxd6 16. Bxd6 Ne4 17. Be5 Red8 18. Bd4 g5 19. 0-0 Nxd4 20. cxd4 Rac8 21. Rac1 h6 22. Rxc8 Bxc8 23. Rc1 Bb7 24. Ne5 Nd6 25. Rc7 Rc8 26. Rxc8+ Bxc8 27. Kf1 Kf8 28. Ke2 Ke7 29. Nc6+ Kd7 30. Nxa5+ Nxb5 31. axb5 Kc7 32. Nc4 Bd7 33. b6+ Kb7 34. Kd3 Bb5 35. Kc3 Bc6 36. g3 Bh1 37. Kb4 Bd5 38. Kc5 h5 39. Nd6+ Kb8 40. Nf7 g4 41. Nd6 Ka8 42. Ne8 Kb7 43. Nf6 Ba2 44. Nxh5 Bd5 45. Nf4 Ba2 46. Kd6 Kxb6 47. Nxe6 Bb1 48. Ke5 1-0